| 000 | 00471nam a22001697a 4500 | ||
|---|---|---|---|
| 005 | 20180801162147.0 | ||
| 008 | 160615b xxu||||| |||| 00| 0 eng d | ||
| 020 | _a07069-9760-3 | ||
| 041 | _aeng | ||
| 082 |
_b7737 _a658.3 |
||
| 100 |
_aPylee, Dr. M. V and George, A Simon _94688 |
||
| 245 | _aIndustrial relational and personal Management | ||
| 260 |
_aNew Delhi _bVikas Publishing House (P) Ltd. _c2004 |
||
| 300 | _a191p, | ||
| 650 |
_aManagement _9241 |
||
| 942 | _cBK | ||
| 999 |
_c2767 _d2766 |
||